000 00280nam a2200109Ia 4500
008 220204s9999 xx 000 0 und d
082 _a678
_bMOR
100 _aMorawetz, Herbert
245 0 _aPolymers: The origins and growth of a science
260 _aNew York
_bWiley
942 _cBK
999 _c39191
_d39191